00416 a2200121 450000500170000002000270001708200220004410000190006624500900008525000120017526000460018730000610023320250629154017.0 a-13: 978-0-393-92565-4 a342.73(dc22) O'BR aO'BRIEN, D. M. aConstitutional Law and Politics: Structure for Power and Governmental Accountability. a6th Ed. aNew York,bw. w. Norton & Company,c2005. axv, 1081p.: picturebBiographies, Glossary & Indexc24cm